Mia Goth Filmography - Statistics

General Stats
  • This quiz has been taken 27 times
    7 since last reset
  • The average score is 11 of 25
Answer Stats
Type Year Name % Correct
Film 2022 Pearl
100%
Film 2022 X
100%
Film 2024 MaXXXine
80%
Film 2025 Frankenstein
60%
Film 2023 Infinity Pool
60%
Film 2013 Nymphomaniac: Vol. II
60%
Film 2026 The Odyssey
60%
Film 2016 A Cure for Wellness
40%
Film TBA Blade
40%
Film 2020 Emma.
40%
Film 2018 High Life
40%
Film 2017 Marrowbone
40%
Film 2021 Mayday
40%
Film 2027 Star Wars: Starfighter
40%
Film 2018 Suspiria
40%
Film 2022 The House
40%
Film 2015 Everest
20%
Documentary 2025 Frankenstein: The Anatomy Lesson
20%
Music Video 2013 Haunted Love
20%
Film TBA Hey Bear
20%
Short Film 2014 Magpie
20%
Short Film 2019 The Staggering Girl
20%
Film 2015 The Survivalist
20%
TV Show 2013 The Tunnel
20%
TV Show 2015 Wallander
20%
No matching quizzes found
Score Distribution
Percent of People with Each Score
Percentile by Number Answered
Your Score History
You have not taken this quiz since the last reset